000 00670nam a2200181Ia 4500
008 090123s9999 xx 000 0 und d
082 _b1620
_a891.462/कोल्हटकर
100 _aकोल्हटकर बाळकृष्ण हरि
245 _aलहानपण देगा देवा
250 _a1
260 _bसुलभ मु.
300 _a102
600 _aकोल्हटकर बाळकृष्ण हरि
630 _aलहानपण देगा देवा
700 _aकोल्हटकर बाळकृष्ण हरि
730 _aलहानपण देगा देवा
942 _cBOOK
999 _c39702
_d39702